000 00526nam a2200217Ia 4500
003 OSt
005 20221005132428.0
006 a|||||r|||| 00| 0
007 ta
008 221004b |||||||| |||| 00| 0 tam d
024 _a50817
037 _cTextual
040 _aCRL
_cCRL
_btam
041 _2tam
_atam
082 _aO31,6M83w, M3
100 _aKasirajan
_9228834
245 0 _aTiru vi ke
650 _aTAMIL PROSE
942 _hO31,6M83w, M3
_cTEXL
_2cc
999 _c1063641
_d1063641